Sports Quiz

Random Sports or NHL Quiz

Find the hockey team! Quiz Stats

 Plays Quiz not verified by Sporcle

Support Sporcle.
Go Orange.
Score 0/31 Timer 03:00
0 Plays Today
Unhelpful Hint Team % Correct
A team from New YorkNew York Islanders
61.9%
Another team from New YorkNew York Rangers
59.7%
Two words: most cupsMontreal Canadiens
59%
Not yellowjacket bumblebees, but...Columbus Blue Jackets
56.4%
Sort of from New YorkNew Jersey Devils
52.6%
One of the Staal brothers (as of 2011) plays for themCarolina Hurricanes
52.1%
Jagr-mister! :)Pittsburgh Penguins
50.5%
Disney may ring a bellAnaheim Ducks
50.2%
Also, from New YorkBuffalo Sabres
47.3%
Wayne Gretzky played for this teamSt. Louis Blues
41.9%
Has had... one coachNashville Predators
30.2%
Not the Narrow Avenue Nerds, but...Philadelphia Flyers
29.4%
THIS ITSELF IS A CLUEWashington Capitals
25.7%
1967Toronto Maple Leafs
25.7%
Before they moved, Eric Lindros's 'favorite' teamColorado Avalanche
24.4%
By name, might fit in Hollywood or BroadwayDallas Stars
23.7%
Unhelpful Hint Team % Correct
Rather tame nameMinnesota Wild
23.4%
Named after animal in areaFlorida Panthers
23.3%
Has won 5 Stanley CupsEdmonton Oilers
22.4%
The 2nd-longest streak without winning a Cup belongs to these guysChicago Blackhawks
21.7%
Hey! It's a team AGAIN!Winnipeg Jets
20.9%
Been to Cup Finals thrice, lost in Cup Finals thriceVancouver Canucks
19.5%
Usually accompanied by soundTampa Bay Lightning
19.1%
Named after animal near areaSan Jose Sharks
16.7%
Named after animal not native to regionBoston Bruins
16.3%
Only team to beat Montreal at Forum to win a CupCalgary Flames
15.1%
One of the Staal brothers was drafted by themPhoenix Coyotes
13%
By name, might better suit BuffaloDetroit Red Wings
10.6%
Named after animal in area. Hint: 'They're extinct'Atlanta Thrashers
8.1%
Named after subsection of population in cityOttawa Senators
6.8%
Derived from WindsorLos Angeles Kings
5.8%

You're not logged in!

Compare scores with friends on all Sporcle quizzes.
OR
Log In

From the Vault

This, But Not That VII

by MoMosMoProblems

Mo This, Mo That, Mo Mos, Mo Problems.
Remove Ads.
Support Sporcle.
Get the best of Sporcle when you Go Orange. This ad-free experience offers more features, more stats, and more fun while also helping to support Sporcle. Thank you for becoming a member.

Show Comments

Extras

Created Mar 3, 2011ReportNominate
Tags:NHL Quiz

Top Quizzes Today


Score Distribution

Your Account Isn't Verified!

In order to create a playlist on Sporcle, you need to verify the email address you used during registration. Go to your Sporcle Settings to finish the process.

Report this User

Report this user for behavior that violates our Community Guidelines.

Details: